00713nam a2200241 a 4500001001300000003000900013005001700022008004100039020001000080082001800090100002300108245003000131260003200161300000900193500003500202505001000237650004000247700002300287902000800310942000700318952013300325999001300458nice12345678IN_TiNIC20260116011346.0050524s1928 lona grp 000 0 eng  ac10000a915.3025bDOU aDoughty, Charles M aTravels in Arabia Deserta aLondonbJonathan Capec1928 a690p aincludes index and biblioraphy2 aIndex aArab Countries-Description & Travel1 aDoughty, Charles M bSRS cBK 001040708StackRoom-aHMIbHMId2008-09-19g100.00l1m1o915.3025 DOUp00958r2017-06-22s2017-02-17v100.00w2005-05-24yBK c833d833